00353nam a2200133Ia 4500008004000000020001800040041000800058082001600066100003100082245001600113260003600129300000600165650004800171210210b1998 xxu||||| |||| 00| 0 eng d a81 87167 05 X aeng a574.29 JOSI aJOSHI (K R) & OSAMA (N O). aImmunology. aNew Delhi.bAgro Botanicac1998 a- aSerology Immuno Pathology Immunohaematology